Responses for Show #6063 - Wednesday, January 12, 2011

Contestants

[<< previous game]

Elisabeth Karlin, a playwright from New York, New York

Tom Toal, an orthopedic surgeon from Lake Oswego, Oregon

Sally O'Rourke, a freelance copywriter originally from Baton Rouge, Louisiana (whose 1-day cash winnings total $33,601)

[next game >>]

Jeopardy! Round responses

WATCHMAKER, WATCHMAKER
A HOST OF TV HOSTS
BODY LANGUAGE
WE WHISTLE WHILE YOU WORK
HALL-ELUJAH!
IT'S REIGNING MEN
    $200 24
wind itself

Elisabeth
    $200 11
Big Brother

Sally
    $200 6
an upper lip

Sally
    $200 1
(Elisabeth: What is "Hail To The Chief"?)

"O Canada"

SallyElisabeth
    $200 16
robots

Sally
    $200 18
Marie Antoinette

Sally
    $400 27
a digital watch

Tom
    $400 12
The Amazing Race

Elisabeth
    $400 7
a heart to heart

Tom
    $400 2
"Greensleeves"

Elisabeth
    $400 17
the Texas Ranger Hall of Fame

Tom
    $400 19
Juan Carlos

Elisabeth
    $600 13
America's Funniest Home Videos

Sally
    $600 8
still wet behind the ears

Triple Stumper
    $600 3
"Taps"

Sally
    $600 23
(Alex: With a minute to go.)

California

Tom
    $600 20
Nicholas II

Tom
    $800 28
[The end-of-round signal sounds.]

Rolex

Sally
    $800 14
Jimmy Fallon

Sally
    $800 9
twiddle your thumbs

Elisabeth
    $800 4
Bridge on the River Kwai

Elisabeth
    $800 25
the chess hall of fame

Tom
    $800 21
(Sally: Who's King James?)

Charles II

SallyTom
    $1000 15
(Jeff) Foxworthy

Sally
    $1000 10
go for the jugular

Elisabeth
    $1000 5
(Vivaldi's) The Four Seasons

Tom
    $1000 26
(Tom: What is National Public [*]?)

radio

TomElisabeth
    $1000 22
Pyrrhus

Tom

Scores at the first commercial break (after clue 13):

Sally Tom Elisabeth
$1,800 $1,400 $3,200

Scores at the end of the Jeopardy! Round:

Sally Tom Elisabeth
$4,000 $5,000 $4,800

Double Jeopardy! Round responses

HISTORIC SHIPS
CANDIED CAMERA
STATE SANDWICH
(Alex: We want you to name the state that touches both of the ones we will give you.)
CALCIUM-RICH FOODS
FILL IN THE BOOK TITLE
WORDS BEFORE BALL
    $400 13
John Paul Jones

Tom
    $400 12
The Three Musketeers

Tom
    $400 6
Alabama

Sally
    $400 11
(Elisabeth: What's a walnut?)

almonds

Elisabeth
Triple Stumper
    $400 1
Little House on the Prairie

Elisabeth
    $400 25
(Tom: What is [*]ball?)
[Ruled correct; Alex clarified it should just be [*].]

a foot

Tom
    $800 14
(Sally: What's QEII?)
...
(Alex: Yes, not the II, the I.)

the Queen Elizabeth

SallyElisabeth
    $800 15
Tootsie

Elisabeth
    $800 7
Nevada

Tom
    $800 19
sardines

Sally
    $3,000 2
The Audacity of Hope

Elisabeth
    $800 26
a basket

Tom
    $1200 22
(Tom: What is...)

Savannah

Tom
Triple Stumper
    $1200 16
Mars Attacks!

Sally
    $1200 8
Wisconsin

Tom
    $1200 29
okra

Elisabeth
    $1200 3
Sophie's Choice

Elisabeth
    $1200 27
a volley

Tom
    $1600 23
the Bismarck

Tom
    $1600 17
The Chocolate War

Sally
    $1600 9
(Tom: What is Nevada?)

Idaho

SallyTom
    $1600 21
rhubarb

Tom
    $1600 4
Nicholas Nickleby

Sally
    $1600 28
a base

Sally
    $7,000 24
the Amistad

Tom
    $2000 18
Airheads

Sally
    $2000 10
Iowa

Sally
    $2000 20
broccoli

Sally
    $2000 5
The Turn of the Screw

Tom
    $2000 30
beach

Sally

Scores at the end of the Double Jeopardy! Round:

Sally Tom Elisabeth
$20,000 $19,600 $11,800

[wagering suggestions for these scores]

Final Jeopardy! Round responses

COMPUTER SCIENCE
(Alex: No. If you're talking about "tubes, transistors, wires & tapes" you're talking about hardware, and he said [*] is just as important.)
ElisabethWhat wire fidelity wi-fi
$0
TomWhat is ?
$7,400
SallyWhat is the motherboard?
$13,601
software

Final scores:

Sally Tom Elisabeth
$6,399 $12,200 $11,800
3rd place: $1,000 New champion: $12,200 2nd place: $2,000

Game dynamics:

Coryat scores:

Sally Tom Elisabeth
$20,000 $14,600 $9,600
21 R,
2 W
20 R
(including 1 DD),
3 W
14 R
(including 1 DD),
2 W

Combined Coryat: $44,200

[game clues] [game scores] [suggest correction]

Game tape date: 2010-09-29
The J! Archive is created by fans, for fans. Scraping, republication, monetization, and malicious use prohibited; this site may use cookies and collect identifying information. See terms. The Jeopardy! game show and all elements thereof, including but not limited to copyright and trademark thereto, are the property of Jeopardy Productions, Inc. and are protected under law. This website is not affiliated with, sponsored by, or operated by Jeopardy Productions, Inc. Join the discussion at JBoard.tv.